000 00797nam a22002297a 4500
003 OSt
005 20260311005651.0
008 260311b |||||||| |||| 00| 0 eng d
020 _a0-07-111592-7.
040 _aDWCL Main lib
_cOC
082 _23rd ed.
_aCirc. 658.83 H153m 2006
100 _aHair, Joseph F. Jr.
245 _aMarketing research :
_bwithin a changing information environment
_cJoseph F. Hair Jr.
250 _a3rd ed.
260 _aN. Y. :
_bMcGraw-Hill/Irwin,
_cc2006.
300 _axxvii, 700 p. :
_bill. ;
_c25 cm.
504 _aIncludes bibliographical references and index.
650 _aMarketing research. I. Bush, Robert P. II. Ortinau, David J. III. Title.
700 _aRobert P. Bush
700 _aDavid J. Ortinau
942 _2ddc
_cBK-CIRC
_e3rd ed.
_kCirc.
_n0
999 _c8908
_d8908